| 000 | 01293nam a2200313 a 4500 | ||
|---|---|---|---|
| 001 | ebr10002040 | ||
| 003 | CaPaEBR | ||
| 006 | m u | ||
| 007 | cr cn||||||||| | ||
| 008 | 950630s1996 ctu sb 001 0 eng | ||
| 010 | _z 95034441 | ||
| 020 | _z0275953769 (hardcover : alk. paper) | ||
| 040 |
_aCaPaEBR _cCaPaEBR |
||
| 035 | _a(OCoLC)232160866 | ||
| 050 | 1 | 4 |
_aHG540 _b.S65 1996eb |
| 082 | 0 | 4 |
_a332.4/973 _220 |
| 100 | 1 | _aSolomon, Lewis D. | |
| 245 | 1 | 0 |
_aRethinking our centralized monetary system _h[electronic resource] : _bthe case for a system of local currencies / _cLewis D. Solomon ; foreword by Bob Swann. |
| 260 |
_aWestport, Conn. : _bPraeger, _c1996. |
||
| 300 | _ax, 167 p. | ||
| 504 | _aIncludes bibliographical references (p. [153]-161) and index. | ||
| 533 |
_aElectronic reproduction. _bPalo Alto, Calif. : _cebrary, _d2013. _nAvailable via World Wide Web. _nAccess may be limited to ebrary affiliated libraries. |
||
| 650 | 0 |
_aMoney _zUnited States. |
|
| 650 | 0 |
_aCurrency question _zUnited States. |
|
| 650 | 0 |
_aBanks and banking _zUnited States. |
|
| 655 | 7 |
_aElectronic books. _2local |
|
| 710 | 2 | _aebrary, Inc. | |
| 856 | 4 | 0 |
_uhttp://site.ebrary.com/lib/rucke/Doc?id=10002040 _zAn electronic book accessible through the World Wide Web; click to view |
| 999 |
_c20178 _d20178 |
||